00869nam a22002177a 450000500170000002000150001704100080003208200170004010000560005724501260011325000190023926000810025830000280033950400200036765000270038765000230041470000250043794200120046299900170047495201600049120260701122920.0 a0955321301 aENG a658.404bIPM aIPMA (International project management association) aICB - IPMA :bcompetence Baseline Version 3.0 /cIPMA (International project management association), Gilles-Marie Caupin a3 rd edition . aNetherlands :bIPMA (International project management association) ,c2010 . axi, 200 pages :c23 cm. aIncludes index. aTechnical competencies aProject management aCaupin, Gilles-Marie 2ddccBK c24368d24368 00102ddc4070aIPEbIPEcS Campusd2026-07-01eGifted by Prof. S. Sathesh kumar (IPE faculty)l0o658.404 IPMp51085r2026-07-01 12:28:18w2026-07-01yBK